000 01035nas a2200337 4500
001 BR0202766
003 BR-BrBNA
005 20231205103018.0
007 ta
008 230509b bl.|||p| |||| 00| 00por d
040 _aBR-BrBNA
_bpor
_cBiblioteca Nacional de Agricultura
041 _a(Pt)
072 _aL51
100 1 _aHernández, F.I.L.
100 1 _aValadares Filho, S. de C.
100 1 _aLana, R. de P.
100 1 _aCecon, P.R.
100 1 _aMancio, A.B.
100 1 _aPaulino, M.F.
100 1 _aMagalhães, K.A.
100 1 _aReis, S.L.R.
245 1 _aDeterminação da cinética ruminal da proteína de vários alimentos utilizando o método de inibidores in vitro
650 _aBOVINO
650 _aCOMPOSTO NITROGENADO
650 _aFERMENTAÇÃO
650 _aRUMINAÇÃO
650 _aPROTEÍNA BRUTA
773 0 _tRevista Brasileira de Zootecnia (Brazil)
_xISSN 1516-3598
_g(Jan-Feb 2002), v. 31(1) p. 232-242
_wBR0202766
909 _a202311
_bLúcia
_c55
_dLúcia Elande
942 _2AGRIS
_n0
_cANA
999 _c170562
_d170562